Who Coined the Phrase? Quiz Stats

 Plays Quiz Updated Jul 12, 2015

Challenge
Share
Tweet
Embed
Score 0/15 Timer 06:00
0 Plays Today
% Correct
George Orwell
88.8%
Sigmund Freud
88%
Justin Timberlake
83.3%
Joseph Heller
71.2%
Jack Kerouac
65.4%
George W. Bush
64.9%
Dwight Eisenhower
61.8%
Teddy Roosevelt
55%
% Correct
Chick Hearn
51.2%
Henry David Thoreau
47.3%
Rudyard Kipling
44.9%
Adam Smith
44.4%
Tim Russert
41.6%
Alan Greenspan
34.6%
Herbert Spencer
25.2%

You're not logged in!

Compare scores with friends on all Sporcle quizzes.
OR
Log In

You Might Also Like...

Show Comments

Extras

Top Quizzes Today


Score Distribution

Your Account Isn't Verified!

In order to create a playlist on Sporcle, you need to verify the email address you used during registration. Go to your Sporcle Settings to finish the process.

Report this User

Report this user for behavior that violates our Community Guidelines.

Details: